000 00925nam a22002297a 4500
008 081212t xxu||||| |||| 00| 0 eng d
010 _aENG-92154
020 _a9788183986359
_c200.00
035 _aEN-75687
037 _bDBAD / PUB
040 _adpl
_bEnglish
082 _a658.87
245 _aPragati's retail management:
_cby P.K. Agarwal...[et al]
_b[for management and post-graduate students of various universities and institutes] /
260 _aMeerut
_bPragati Prakashan
_c2008
270 _a240, W.K. Road,
_bMeerut
_e250001
300 _axii, 404p.
_c24cm (pbk)
500 _aIncludes glossary and index
650 _aRetail trade
_xManagement
700 _aAgarwal, P.K.
942 _2ddc
_cEN
_mRET
_h658.87
999 _c19752
_d19752